|
|
|
|
| LEADER |
00896nam a2200217 a 4500 |
| 001 |
000629228 |
| 003 |
CZ BrMZK |
| 005 |
20161011125944.0 |
| 007 |
ta |
| 008 |
021010s1980 xr f cze d |
| 040 |
|
|
|a BOA001
|b cze
|c BOA001
|
| 080 |
|
|
|a 75(437.1)"19":92 Souček
|2 MRF
|
| 245 |
0 |
0 |
|a Národní umělec Karel Souček :
|b obrazy, kresby, ilustrace k 65. narozeninám umělce : Středočeská galerie v Praze, 1980 /
|c text katalogu Blanka Jiráčková
|
| 260 |
|
|
|a Praha :
|b Středočeská galerie,
|c 1980
|
| 300 |
|
|
|a 1 nestránkovaný sv. +
|e 1 volná příl.
|
| 700 |
1 |
|
|a Jiráčková, Blanka,
|d 1950-
|7 xx0021224
|4 aut
|
| 700 |
1 |
|
|a Souček, Karel,
|d 1938-2022
|7 jo20000075477
|4 hnr
|
| 710 |
2 |
|
|a Středočeská galerie (Praha, Česko)
|7 ko2002102671
|
| 910 |
|
|
|a BOA001
|b X-0827.067
|
| 990 |
|
|
|a BK
|
| 996 |
6 |
|
|b 2619340679
|c X-0827.067
|l MZK
|r Sklad / do 24 hodin
|n 1
|w 000629228
|u 000010
|a 1
|e BOA001
|j MZK50
|s P
|